Представление документа в формате RUSMARC

ПолеНазваниеЗначение
  Тип записи a
  Библиографический уровень m
001 Контрольный номер RU/SLIB/B/208756394
005 Дата корректировки 20250221120111.6
010 Индекс ISBN __
d Цена 30000-00
101 Язык документа 0_
a Язык текста rus
200 Заглавие и сведения об ответственности 0_
a Заглавие Языческая мифология славян
f Первые сведения об ответственности Волошина Т. А., Астапов С. Н.
b Общее обозначение материала Текст
210 Выходные данные 1_
a Место издания Ростов н/Д
c Издательство Феникс
d Дата издания 1996
215 Физическое описание __
a Объем 446 с.
606 Тематические рубрики __
a Основная рубрика Религия. Мистика. Свободомыслие
606 Тематические рубрики __
a Основная рубрика Ранние формы религии. Религии древнего мира
610 Ключевые слова 0_
a Ключевые слова славяне; языческая мифология; славянская мифология; язычество; религиозные верования
686 Индексы других классификаций __
a Классификационный индекс 86.31; ст86.31
700 Автор _1
a Фамилия Волошина
b Имя Т. А.
4 Код отношения 070
702 Вторичная интеллектуальная ответственность _1
a Фамилия Астапов
b Имя С. Н.
4 Код отношения Автор
801 Источник записи _0
a Страна RU
b Организация Муниципальное бюджетное учреждение культуры "Централизованная библиотечная система" г. Сургут (Центральная городская библиотека им. А. С. Пушкина)
g Правила каталогизации КиК/Елгина
801 Источник записи _1
a Страна RU
b Организация Муниципальное бюджетное учреждение культуры "Централизованная библиотечная система" г. Сургут (Центральная городская библиотека им. А. С. Пушкина)
g Правила каталогизации КиК/Елгина
852 Данные о местонахождении __
j Шифр хранения 86.31
c Каталожный индекс 86.31
i Авторский знак В 68
p Инвентарный номер 65603
901 Тип документа __
t Тип документа m
990 Данные о заказе (DOS) __
j Количество экземпляров (DOS) 3